มุมมองปกติ
มุมมองแบบ MARC
- Traffic accidents
รายการ Topical Term
001 - CONTROL NUMBER
- control field: 8799
003 - CONTROL NUMBER IDENTIFIER
- control field: NALT
005 - DATE AND TIME OF LATEST TRANSACTION
- control field: 20210318155609.0
008 - FIXED-LENGTH DATA ELEMENTS
- fixed length control field: 170717|| aca||aabn | a|a d
040 ## - CATALOGING SOURCE
- Original cataloging agency: NALT
- Transcribing agency: NALT
150 #4 - HEADING--TOPICAL TERM
- Topical term or geographic name entry element: Traffic accidents
- General subdivision: Prevention and control
670 ## - SOURCE DATA FOUND
- Source citation: Work cat.: (NALT)39389: World Health Organization 8798, World report on road traffic injury prevention, 2004
